000 00741nam a22002057a 4500
999 _c11718
_d11718
003 AR-CdUCM
008 190404b ||||| |||| 00| 0 spa d
040 _aMUNICIPALIDAD PROVINCIAL DEL CUSCO
_cBIBLIOTECA MUNICIPAL DEL CUSCO
082 _a891.7 /
_bG88 / 1943
100 _aGuerrero, Lila
_925450
245 _aAntología de Maiacovski :
_bsu vida y su obra /
260 _aBuenos Aires :
_bClaridad,
_c1943.
300 _a432 páginas ;
_bfotografías.
_c20 cm.
505 _aVida y obra de vladimiro Maiacovski -- Gorki -- Poeta lírico e épico -- Una velada -- Muerte del poeta...
650 _aPoetas.
_91966
650 _aPoesía.
_9139
650 _aVladimir Miacovski.
_929209
942 _2ddc
_cLIBROS
945 _awfj
_d2019-04-04